Normal view
MARC view
- Universities Rules
Entry Topical Term
001 - CONTROL NUMBER
- control field: 1484
003 - CONTROL NUMBER IDENTIFIER
- control field: NUST
005 - DATE AND TIME OF LATEST TRANSACTION
- control field: 20170526171737.0
008 - FIXED-LENGTH DATA ELEMENTS
- fixed length control field: 170526|| aca||aabn | a|a d
040 ## - CATALOGING SOURCE
- Original cataloging agency: NUST
- Transcribing agency: NUST
150 ## - HEADING--TOPICAL TERM
- Topical term or geographic name entry element: Universities Rules
670 ## - SOURCE DATA FOUND
- Source citation: Work cat.: (NUST): NUST 1483, Memorandum of Understanding Between NUST And Other International Universities (Till February,2017), cFeb,2017
